000
00271nam a2200121Ia 4500
008
191201s2007 xx 000 0 und d
100
_a
GHOSH, P.K.
245
0
_a
Industrial Marketing
260
_a
N.Delhi
_b
Oxford
_c
2007
300
_a
-
650
_a
MBA
942
_2
ddc
_c
BK
999
_c
2989
_d
2989